Les meilleurs buteurs de l'histoire du VfB Stuttgart - Statistiques

Statistiques générales
  • Ce quiz a été pris 4 fois
  • Le résultat moyen est 3 sur 10
Statistiques - réponses
Buts Nationalité Joueur % Correct
109 Brésil / Allemagne Cacau
100%
110 Allemagne Mario Gómez
100%
94 Allemagne Jürgen Klinsmann
25%
167 Allemagne Karl Allgöwer
25%
114 Allemagne Erwin Waldner
0%
124 Allemagne Fritz Walter
0%
157 Allemagne Hermann Ohlicher
0%
98 Allemagne Otto Baitinger
0%
102 Allemagne Robert Schlienz
0%
140 Allemagne Rolf Blessing
0%
Aucun quiz correspondant
Distribution des résultats
% des personnes avec chaque résultat
Percentile par nombre de réponses
Votre historique - résultats
Vous n’avez pas pris ce quiz